000 00658nam a22002057a 4500
999 _c61652
_d61652
005 20240410115403.0
008 240410s2004 enk||||| |||| 00| 0 eng d
020 _a9780198520726
041 _aeng
080 _a616-24 R-19
100 _aRamrakha, Punit S.
_921752
245 _aOxford Handbook of Acute Medicine /
_cPunit S. Ramrakha, Kevin P. Moore.
250 _a2nd Edition
264 _aOxford :
_bOxford University Press,
_c2004.
300 _a990 p. ;
_b19 cm.
653 _aმედიცინა
653 _aმწვავე დაავადებები
700 _aMoore, Kevin P.
_eავტორი
_921753
942 _2udc
_cBK